000 00329nam a2200133Ia 4500
008 191201s2009 xx 000 0 und d
082 _a338.5
_bMIP
100 _aMISHRA, S.K
245 0 _aPrinciples of Microeconomics
260 _aN. Delhi
_bHimalaya Publication House
_c2009
300 _a409
650 _aBBA
942 _2ddc
_cBK
999 _c4897
_d4897